000 01424nam0a2200349 4500
001 RU\NLR\BIBL_A\022720491
005 20260420063047.0
010 _a978-5-85735-164-2
_9300
021 _aRU
_bКН-П-25-078883
_9КН-П-25-7641
035 _a(NLR Aleph) 022720491
090 _a13688018
_c13688018
100 _a20260205d2025 k y0rusy50 ca
101 0 _arus
102 _aRU
105 _ac z 000yy
181 0 _ai3
_baxxe
182 0 _an
200 1 _aМироздание по Гомеру, или Образно-смысловое явление "Илиады"
_fН. И. Неженец
203 _aТекст
_bвизуальный
_cнепосредственный
210 _aМосква
_cМироздание
_d2025
215 _a669, [2] с.
_cпортр.
_d22
300 _aНа 4-й с. обл. авт.: Н. И. Неженец - д-р филос. наук, проф.
500 1 0 _7ca
_aИлиада
_92632025
_3RU\NLR\AUTH\5510024
604 _1700#0$aГомер
_1500##$a"Илиада"$2nlr_sh1$2nlr_sh2$3RU\NLR\AUTH\66339331
_aГомер
_t"Илиада"
_9924392
_3RU\NLR\AUTH\66339331
686 1 _aШ5(0)332-4Гомер531.1
700 1 _aНеженец
_bН. И.
_gНиколай Иванович
702 0 _7ca
_8rus
_aГомер
_9119815
_3RU\NLR\AUTH\7710030
942 _cBOOK
980 _aNB